000 01058nam a2200373 a 4500
003 AR-BaBNM
005 20251128204150.0
008 082120s2002 ||||||||||||||000 | spa||
020 _a950-25-1496-3
040 _cAR-BaBNM
100 1 _aGordillo, Mónica R.
245 0 0 _aEl movimiento obrero ferroviario desde el interior del país [1916-1922]
260 _aBuenos Aires
_bCentro Editor de América Latina
_c1988
300 _a121 p.
490 0 _aBiblioteca política Argentina
_vv. 227
504 _aContiene: bibliografía
610 2 4 _aLa Fraternidad
610 2 4 _aFederación Ferroviaria
650 4 _aSIGLO VEINTE
650 4 _aSIGLO DIECINUEVE
650 4 _aHISTORIA
650 4 _aSINDICATOS
650 4 _aMERCADO INTERNACIONAL
650 4 _aINDUSTRIALIZACION
650 4 _aMOVIMIENTO OBRERO
650 4 _aSINDICALISMO
650 4 _aPOLITICA DEL TRANSPORTE
650 4 _aPOLITICA LABORAL
650 4 _aMERCADO DE TRABAJO
650 4 _aHUELGA
800 1 _aTroncoso, Oscar
_edirector
942 _cBK
998 _cGrace
999 _c6442
_d6442